| 000 | 00558nam a2200181 a 4500 | ||
|---|---|---|---|
| 005 | 20210219160319.0 | ||
| 008 | 081009s1995 mx r 000 0 spa d | ||
| 035 | _aUPN01000163118 | ||
| 049 | _aUNE | ||
| 080 | _a341.123 (72) "1995" NAC. | ||
| 245 | 0 | 0 | _aNaciones unidas 1945-1995, México. |
| 260 |
_aMéxico . _bCINU : _bCEPAL, _c1995. |
||
| 300 |
_a64 p. : _bil. |
||
| 690 | _aONU - México | ||
| 690 | _aMéxico - ONU | ||
| 710 | 2 |
_aONU. _bCentro de Información de las Naciones Unidas para México, Cuba y la República Dominicana |
|
| 905 | _aUNESCO | ||
| 999 |
_c135231 _d135231 |
||